| 000 | 00873nam a2200277 4500 | ||
|---|---|---|---|
| 003 | EG-GICUC | ||
| 005 | 20260407090616.0 | ||
| 008 | 260402s1931 Fr |||f |||| 00| 0 Fre d | ||
| 040 |
_a EG-GICUC _bfre _c EG-GICUC _d EG-GICUC _erda |
||
| 082 | 0 | 4 |
_a341.48 _bM A . D _221 |
| 092 | 0 | 4 | _221 |
| 099 | _aLaw1 11 341.48 M A . D 1931 | ||
| 100 | 1 |
_aMandelstam André N. _eAuteur |
|
| 245 |
_aLes Droits Internationaux De L'Homme / _cPar André N. Mandelstam. |
||
| 264 |
_aParis: _bLes Éditions Internationales, _c1931. |
||
| 300 |
_a150 Pages; _c24 Cm. |
||
| 336 |
_2rda content _atext |
||
| 337 |
_2rda media _aComputer |
||
| 338 |
_2rda carrier _aOnline Resource |
||
| 546 | _aTexte en français | ||
| 650 | 1 | 4 | _adroit international public |
| 651 | 1 | _2qrmak | |
| 856 | 4 | 0 | _uhttps://fll.law.cu.edu.eg/fulltext/bks/B11-08899.pdf |
| 905 | _a64 | ||
| 942 |
_2ddc _cBK _e21 _n0 |
||
| 999 |
_c68396 _d68396 |
||